<?xml version="1.0" encoding="UTF-8"?>
<record
    xmlns:xsi="http://www.w3.org/2001/XMLSchema-instance"
    xsi:schemaLocation="http://www.loc.gov/MARC21/slim http://www.loc.gov/standards/marcxml/schema/MARC21slim.xsd"
    xmlns="http://www.loc.gov/MARC21/slim">

  <leader>00684nas a2200241 i 4500</leader>
  <controlfield tag="001">1988</controlfield>
  <controlfield tag="003">ES-MaACL</controlfield>
  <controlfield tag="005">20250724062556.0</controlfield>
  <controlfield tag="007">t|</controlfield>
  <controlfield tag="008">950801d18811892po  |         |  1 ||or d</controlfield>
  <datafield tag="245" ind1="0" ind2="0">
    <subfield code="a">Revista de Portugal.</subfield>
  </datafield>
  <datafield tag="260" ind1=" " ind2=" ">
    <subfield code="a">[Porto : </subfield>
    <subfield code="b">Lugan &amp; Genelioux, </subfield>
    <subfield code="c">1881-1892.</subfield>
  </datafield>
  <datafield tag="300" ind1=" " ind2=" ">
    <subfield code="a">1 v. ; </subfield>
    <subfield code="c">24 cm.</subfield>
  </datafield>
  <datafield tag="362" ind1="0" ind2=" ">
    <subfield code="a">v. 1, n. 1 (1 julho 1889)-(1892)</subfield>
  </datafield>
  <datafield tag="500" ind1=" " ind2=" ">
    <subfield code="a">Ejemplar falto de portada.</subfield>
  </datafield>
  <datafield tag="500" ind1=" " ind2=" ">
    <subfield code="a">Fundada y dirigida por: E&#xE7;a de Queiroz.</subfield>
  </datafield>
  <datafield tag="650" ind1=" " ind2="7">
    <subfield code="a">Cultura</subfield>
    <subfield code="2">embne</subfield>
    <subfield code="9">170963</subfield>
  </datafield>
  <datafield tag="651" ind1=" " ind2="4">
    <subfield code="a">Portugal-</subfield>
    <subfield code="x">Historia.</subfield>
    <subfield code="9">6241</subfield>
  </datafield>
  <datafield tag="651" ind1=" " ind2=" ">
    <subfield code="a">Portugal-</subfield>
    <subfield code="x">Civilizaci&#xF3;n.</subfield>
    <subfield code="9">9249</subfield>
  </datafield>
  <datafield tag="852" ind1=" " ind2=" ">
    <subfield code="a">ES-MaACL</subfield>
    <subfield code="j">G-8901</subfield>
  </datafield>
  <datafield tag="866" ind1=" " ind2="0">
    <subfield code="o">(1892).</subfield>
  </datafield>
  <datafield tag="999" ind1=" " ind2=" ">
    <subfield code="c">1988</subfield>
    <subfield code="d">1988</subfield>
  </datafield>
  <datafield tag="952" ind1=" " ind2=" ">
    <subfield code="0">0</subfield>
    <subfield code="1">0</subfield>
    <subfield code="4">0</subfield>
    <subfield code="7">0</subfield>
    <subfield code="8">Hemeroteca</subfield>
    <subfield code="a">ATENEOM</subfield>
    <subfield code="b">ATENEOM</subfield>
    <subfield code="c">SPP3</subfield>
    <subfield code="d">2008-01-17</subfield>
    <subfield code="e">SC</subfield>
    <subfield code="l">0</subfield>
    <subfield code="o">G-8901</subfield>
    <subfield code="p">1002027</subfield>
    <subfield code="r">2023-02-23 00:00:00</subfield>
    <subfield code="w">2023-02-23</subfield>
    <subfield code="y">PERIODICA</subfield>
  </datafield>
</record>
